SAILOR MOON : Personnage. - Statistiques

Statistiques générales
  • Ce quiz a été pris 37 fois
  • Le résultat moyen est 5 sur 20
Statistiques - réponses
Par images Réponse % Correct
Usagi Tsukino
82%
Luna
59%
Artémis
47%
Mamoru Chiba
47%
Diana
35%
Queen Serenity
35%
Chibiusa Tsukino
29%
Minako Aino
29%
Rei Hino
29%
Ami Mizuno
24%
Hélios
18%
Makoto Kino
18%
Hotaru Tomoe.
12%
Haruka Tenoh
6%
Setsuna Meiou
6%
Kakyū Kōjo
0%
Kou Seiya
0%
Kou Taiki
0%
Kou Yaten
0%
Michiru Kaiou.
0%
Aucun quiz correspondant
Distribution des résultats
% des personnes avec chaque résultat
Percentile par nombre de réponses
Votre historique - résultats
Vous n’avez pas pris ce quiz